Využitie nástrojov marketingu a stanovenie konkurenčnej stratégie v poľnohospodárskych subjektoch na Slovensku

Poľnohospodárske subjekty na území SR. Zapojenie prvkov marketingu do dlhodobej stratégie farmy. Proces marketingového plánovania. Návrh najvhodnejšej stratégie pre poľnohospodárske družstvo v Kapušanoch.

Salvato in:
Dettagli Bibliografici
Autore principale: Kocák, Vladimír
Natura: Capitolo di libro
Lingua:slovacco
Soggetti:
Tags: Aggiungi Tag
Nessun Tag, puoi essere il primo ad aggiungerne!!

MARC

LEADER 00000naa$a2200000$$$4500
001 0084662
005 20240502071946.3
041 0 |a slo 
044 |a SK 
245 1 0 |a Využitie nástrojov marketingu a stanovenie konkurenčnej stratégie v poľnohospodárskych subjektoch na Slovensku  |c Vladimír Kocák 
520 |a Poľnohospodárske subjekty na území SR. Zapojenie prvkov marketingu do dlhodobej stratégie farmy. Proces marketingového plánovania. Návrh najvhodnejšej stratégie pre poľnohospodárske družstvo v Kapušanoch. 
610 2 0 |a družstvá 
610 2 0 |a konkurencia 
610 2 0 |a marketing 
610 2 0 |a poľnohospodárstvo 
610 2 0 |a Slovensko 
610 2 0 |a politika poľnohospodárska 
610 2 0 |a stratégia podnikateľská 
100 1 |a Kocák, Vladimír